[Event "27th Seacost Trophy 2017"]
[Site "Eforie Nord"]
[Date "2017.06.20"]
[Round "2"]
[White "Nanu, Costica-Ciprian"]
[Black "Neagu, Liviu"]
[Result "1-0"]
[WhiteElo "2509"]
[BlackElo "2004"]
[Annotator "TA"]
[PlyCount "111"]
[EventDate "2017.??.??"]
[EventType "swiss"]
[EventCountry "ROU"]
[SourceTitle "playchess.com"]
[Source "ChessBase"]
[SourceQuality "1"]

{[%evp 26,111,113,88,82,86,85,107,335,324,316,322,312,322,305,90,97,89,97,97,120,123,127,129,127,120,127,116,119,119,119,119,113,90,93,90,102,99,134,114,126,126,126,123,122,110,151,141,174,163,318,319,321,324,304,270,252,250,269,264,271,241,327,325,323,306,320,193,325,193,252,214,828,862,5314,5608,1664,4710,29970,29971,29970,29971,29972,29973,29971,4810,4802,4710]} 1. d4 Nf6 2. Nf3 g6 3. c4 Bg7 4. g3 O-O 5. Bg2 d6 6. O-O Nbd7 7. Nc3 e5 8. e4 a5 9. h3 Re8 10. Re1 c6 11. b3 exd4 12. Nxd4 Nc5 13. Rb1 d5 14. cxd5 {LiveBook: 3 Games. E69: King's Indian: Fianchetto: 6...Nbd7 7 0-0 e5 8 e4 c6 9 h3} (14. exd5 {is more complex.} Rxe1+ 15. Qxe1 cxd5 16. Be3 dxc4 17. bxc4 Qf8 18. Nb3) 14... cxd5 15. exd5 Rxe1+ 16. Qxe1 {White is better.} Nxd5 $2 (16... Nd3 $16 17. Qe2 Nxc1 18. Rxc1 Bd7) 17. Nxd5 $18 Bxd4 18. Be3 Nd3 {[#]} 19. Qd2 $1 Bxe3 20. Qxe3 $146 (20. Nxe3 $18 {aiming for Rd1.} Ra6 21. Rd1) ({Predecessor:} 20. Nxe3 Qd7 21. Nd5 {1-0 (21) Cuellar Gacharna,M (2385)-Zapata,A (2375) Bogota 1979}) 20... Nb4 $16 21. Ne7+ Kf8 22. Nxc8 Qxc8 23. Rc1 Qd7 24. a3 Nc6 25. Qc5+ Qe7 26. Qxe7+ Kxe7 27. Bxc6 bxc6 28. Rxc6 {[%mdl 4096] Endgame KR-KR} Rb8 29. Rc3 Kd6 30. Kf1 f5 31. Ke2 Kd5 32. Ke3 Re8+ 33. Kd2 Rb8 34. Kc2 Rb7 35. h4 {[%cal Bh3h4,Bh4h5][%mdl 32]} h6 36. Rd3+ Kc5 37. Rf3 Rb6 $2 {[#]} (37... Rf7 38. Kc3 Rf8) 38. h5 $1 $18 {[%mdl 512]} Kd5 (38... gxh5 39. Rxf5+) 39. hxg6 Ke5 40. g7 Rg6 41. Rc3 Kd6 42. Rc8 Rxg7 43. Rh8 f4 44. Rxh6+ (44. gxf4 Rg6 $18) 44... Kc5 45. Rh5+ ({Don't play} 45. gxf4 Rg2 $18) 45... Kb6 46. Rh3 Re7 (46... fxg3 $142 47. Rxg3 Rf7) 47. Kd3 (47. g4 $142) 47... Rd7+ (47... fxg3 $142 48. Rxg3 Rf7) 48. Ke4 Rd2 $2 (48... fxg3 49. Rxg3 Re7+ 50. Kd4 Rf7) 49. gxf4 Rxf2 50. a4 Re2+ 51. Re3 Rf2 52. Rc3 Re2+ 53. Kd5 Rf2 54. Ke5 Re2+ 55. Kf6 Rf2 56. f5 {Precision: White = 79%, Black = 37%.} 1-0

[Event "27th Seacost Trophy 2017"]
[Site "Eforie Nord"]
[Date "2017.06.20"]
[Round "2"]
[White "Murariu, Andrei"]
[Black "Gitu, Paula-Alexandra"]
[Result "1-0"]
[WhiteElo "2504"]
[BlackElo "1987"]
[Annotator "TA"]
[PlyCount "51"]
[EventDate "2017.??.??"]
[EventType "swiss"]
[EventCountry "ROU"]
[SourceTitle "playchess.com"]
[Source "ChessBase"]
[SourceQuality "1"]

{[%evp 23,51,60,93,7,149,169,286,281,280,288,583,578,582,560,573,584,584,584,547,567,584,582,564,560,589,589,573,584,572,547]} 1. e4 d6 2. d4 Nf6 3. Nc3 e5 4. Nf3 Nbd7 5. Bc4 Be7 6. O-O c6 7. a4 O-O 8. Re1 b6 9. Ba2 a6 10. h3 Bb7 11. Nh4 {C41: Philidor Defence} (11. dxe5 dxe5 12. Nh4 b5 13. Nf5 b4 14. Nb1 Ne8 15. Be3 Bc5 16. Nd2 g6 17. Nb3 Bxe3 18. Nxe3 Qc7 {½-½ (28) Kislinsky,A (2574)-Nepomniachtchi,I (2710) Legnica 2013}) 11... exd4 12. Qxd4 d5 {LiveBook: 3 Games} 13. e5 (13. Nf5 $16) 13... Ne4 $146 (13... Bc5 $11 {keeps the balance.} 14. Qd1 Ne8) ({Predecessor:} 13... Bc5 14. Qd1 Ne4 15. Nxe4 dxe4 16. Rxe4 Bxf2+ 17. Kxf2 Nc5 18. Qe2 Nxe4+ 19. Qxe4 {1-0 (35) Kobalia,M (2537)-Plachetka,J (2395) Cappelle-la-Grande 1999}) 14. Nxe4 $16 dxe4 {[#]} (14... c5 {was necessary.} 15. Qc3 Bxh4) 15. Nf5 $1 $18 Nc5 16. Be3 Qc7 $2 {[#]} (16... Re8 17. a5 Qxd4 18. Bxd4 Rad8 19. axb6 Bf8) 17. a5 $1 {[%cal Ba4a5,Ba5b6][%mdl 544] White is clearly winning.} Ne6 (17... bxa5 18. Nxe7+) 18. Bxe6 fxe6 19. axb6 Qd8 20. Qxd8 Bxd8 21. Nd6 Rb8 22. Bc5 Be7 23. Rxe4 Rfd8 24. Nxb7 Rxb7 25. Bxe7 Rxe7 26. Rxa6 {Precision: White = 71%, Black = 32%.} 1-0

[Event "27th Seacost Trophy 2017"]
[Site "Eforie Nord"]
[Date "2017.06.20"]
[Round "2"]
[White "Soltanici, Ruslan"]
[Black "Craciun, Gheorghe"]
[Result "1-0"]
[WhiteElo "2393"]
[BlackElo "1953"]
[Annotator "TA"]
[PlyCount "73"]
[EventDate "2017.??.??"]
[EventType "swiss"]
[EventCountry "ROU"]
[SourceTitle "playchess.com"]
[Source "ChessBase"]
[SourceQuality "1"]

{[%evp 17,73,70,68,71,82,63,84,85,70,91,144,115,206,195,203,197,242,218,239,226,233,222,298,286,327,285,391,362,345,303,366,384,472,338,392,421,407,386,518,506,641,645,556,548,687,627,838,797,802,780,2852,1335,29992,3668,29992,29993,29998,29999]} 1. e4 c5 2. Nf3 d6 3. d4 cxd4 4. Nxd4 Nf6 5. Nc3 g6 6. Be3 Bg7 7. f3 a6 8. Qd2 Nbd7 9. g4 {B75: Sicilian Dragon: Yugoslav Attack, Miscellaneous} (9. Be2 b5 10. a4 b4 11. Na2 a5 12. c3 bxc3 13. Nxc3 Bb7 14. O-O O-O 15. Rfc1 Nc5 16. Bc4 Nfd7 {½-½ (32) Shankland,S (2674)-Javakhadze,Z (2468) chess.com INT 2017}) 9... Ne5 {LiveBook: 4 Games} 10. O-O-O b5 11. g5 {White is better.} b4 $146 ({Predecessor:} 11... Nh5 12. f4 Nc4 13. Bxc4 bxc4 14. Qe2 O-O 15. f5 Bb7 16. Rhf1 Rc8 17. f6 exf6 {1-0 (29) Nolte,R (2425)-Legaspi,E (2118) Manila 2010}) 12. gxf6 bxc3 13. Qxc3 Bxf6 {[#]} (13... exf6 $142 14. Be2 O-O) 14. f4 $1 $16 {[%cal Rf4e5]} Ng4 {[#]} (14... Nd7 $16 {was called for.}) 15. e5 $1 $18 Nxe3 16. Qxe3 Bg7 17. Nc6 Qd7 18. exd6 e6 19. Ne5 Bxe5 20. fxe5 Bb7 21. Rg1 Rc8 22. Kb1 O-O 23. h4 Bd5 24. b3 ({Less strong is} 24. Bxa6 Bxa2+ 25. Kxa2 Ra8 $16) 24... Qc6 25. c4 Be4+ 26. Bd3 Bxd3+ 27. Rxd3 ({Don't take} 27. Qxd3 Qd7 $18) 27... a5 28. d7 Rcd8 29. Qd4 a4 30. b4 {[%cal Bb3b4,Bb4b5][%mdl 32]} a3 31. b5 Qa8 32. h5 Qa4 33. Qc5 Ra8 34. h6 (34. hxg6 $142 fxg6 35. Rh1) 34... Rfd8 35. Rgd1 (35. Rf1 $142 Qxc4 36. Qxc4 Rf8 37. Qh4 f6 38. d8=Q Raxd8 39. Rxd8 Rxd8 40. Qxf6 Rd1+ 41. Rxd1 g5 42. Qg7#) 35... Ra7 36. Qe7 {[%cal Re7d8]} Raxd7 37. Qxd8+ {Precision: White = 82%, Black = 43%.} 1-0

[Event "27th Seacost Trophy 2017"]
[Site "Eforie Nord"]
[Date "2017.06.20"]
[Round "2"]
[White "Senetia, Teodor"]
[Black "Istratescu, Andrei"]
[Result "0-1"]
[WhiteElo "2026"]
[BlackElo "2593"]
[Annotator "TA"]
[PlyCount "116"]
[EventDate "2017.??.??"]
[EventType "swiss"]
[EventCountry "ROU"]
[SourceTitle "playchess.com"]
[Source "ChessBase"]
[SourceQuality "1"]

{[%evp 16,116,29,28,32,27,24,14,25,15,29,25,24,0,0,0,10,0,0,0,6,0,0,0,0,0,0,0,0,0,9,0,0,-9,-9,-9,-9,-20,0,-25,-20,-85,-85,-110,-110,-110,-110,-110,-110,-107,-102,-102,-102,-110,-110,-114,-109,-114,-114,-113,-88,-109,-101,-98,-95,-129,-104,-156,-124,-192,-195,-212,-171,-190,-154,-306,-306,-304,-297,-297,-302,-302,-285,-286,-286,-290,-286,-297,-297,-311,-311,-316,-313,-329,-329,-327,-329,-320,-320,-1143,-1057,-1735,-1349]} 1. e4 e5 2. Nf3 Nc6 3. Bb5 {[%cal Bf1b5,Bb5a4,Ba4b3,Bb3a2][%mdl 32]} a6 4. Ba4 Nf6 5. O-O Be7 6. Re1 b5 7. Bb3 O-O 8. h3 Bb7 9. d3 {LiveBook: 1376 Games} d6 {C88: Closed Ruy Lopez: Anti-Marshall Systems} 10. a4 Na5 11. Ba2 c5 {The position is equal.} 12. Bg5 Nd7 $146 ({Predecessor:} 12... b4 13. Nbd2 h6 14. Be3 Bc8 15. Nc4 Nc6 16. a5 {½-½ (16) Zidu,J (2588)-Lepikhov,A (2660) ICCF email 2013}) 13. Bxe7 Qxe7 14. Nc3 b4 $1 {[%cal Rb4c3]} 15. Nd5 Bxd5 16. Bxd5 Rab8 17. Nd2 Nb6 18. Nc4 Naxc4 19. dxc4 a5 20. Re3 g6 21. b3 Rbc8 22. Qd2 Rc7 23. Rd1 Nd7 {[%cal Bb6d7,Bd7f8,Bf8g6,Bg6f4][%mdl 32]} 24. g4 Kg7 25. Rg3 h6 26. Kg2 Rh8 27. Qe3 Nf8 28. Rd3 (28. Kh1 $11 {remains equal.}) 28... g5 $17 29. Qd2 Ng6 30. Kf1 Nf4 31. Rdf3 Qf6 32. Ke1 Rb8 33. Kd1 Kf8 {[%cal Bg7f8,Bf8e7,Be7d7,Bd7c7][%mdl 32]} 34. Kc1 Ke7 35. Rg1 Rcc8 {[%cal Bc7c8,Bc8h8,Bh8h4][%mdl 32]} 36. Qe3 Kd7 37. Rd1 Kc7 38. Qd2 Rb6 39. Qe3 Rh8 40. Kd2 h5 41. Rg1 (41. Kc1 $142) 41... Rbb8 42. Qe1 (42. c3 $17) 42... hxg4 $19 43. hxg4 Rh4 44. Rfg3 Rbh8 45. Qe3 $2 (45. Kc1 $17) 45... Rh2 46. Ke1 R8h3 {[#] Strongly threatening ...Rxg3.} 47. Kf1 Rxg3 48. Rxg3 Kd7 49. Qf3 Ke7 50. Kg1 Rh7 51. Kf1 Qh6 52. Rg1 Qf8 53. Rh1 {[#]} Rh4 $1 54. Rxh4 gxh4 55. Kg1 Kf6 56. Kh2 Kg5 57. Bc6 $2 (57. Qd1 Kf6 58. Kh1) 57... Qc8 $1 {[%csl LRc6,LRg4]} 58. Bd5 Qxg4 {Precision: White = 41%, Black = 82%.} 0-1

[Event "27th Seacost Trophy 2017"]
[Site "Eforie Nord"]
[Date "2017.06.20"]
[Round "2"]
[White "Olinici, Emanuel"]
[Black "Nevednichy, Vladislav"]
[Result "0-1"]
[WhiteElo "2017"]
[BlackElo "2533"]
[Annotator "TA"]
[PlyCount "76"]
[EventDate "2017.??.??"]
[EventType "swiss"]
[EventCountry "ROU"]
[SourceTitle "playchess.com"]
[Source "ChessBase"]
[SourceQuality "1"]

{[%evp 15,76,14,31,29,30,31,37,18,33,20,53,25,33,7,53,0,0,10,31,0,0,0,-9,-10,-22,-47,-65,-202,-204,-200,-204,-204,-192,-187,-168,-266,-214,-229,-208,-208,-197,-222,-208,-225,-212,-235,-229,-420,-377,-381,-239,-398,-403,-369,-398,-479,-464,-470,-452,-685,-700,-693,-690]} 1. d4 g6 2. Nf3 Bg7 3. g3 Nf6 4. Bg2 O-O 5. c4 d6 6. Nc3 c6 7. O-O Bf5 8. Ne1 Be6 9. d5 {E62: King's Indian: Fianchetto: 6...c6 and Panno Variation (6...Nc6) without ...a6} cxd5 10. cxd5 Bd7 11. Be3 {White is slightly better.} Na6 12. Bd4 Qa5 13. a3 Rfc8 {[#]} 14. e4 $146 ({Predecessor:} 14. Nc2 Ne8 15. Rc1 Nac7 16. Bxg7 Nxg7 {½-½ (69) Postny,E (2634)-Rakhmanov,A (2623) Teplice 2015}) 14... Nc7 {[%cal Ba6c7,Bc7e8,Be8d6][%mdl 32]} 15. e5 dxe5 16. Bxe5 Nce8 17. Nd3 Nd6 18. Re1 Qb6 19. Qe2 Bg4 $36 {[%mdl 2048] Black is more active.} 20. Qd2 Bf5 {[#] aiming for ...Nc4.} 21. Na4 (21. Nd1 $15) 21... Qb5 $19 22. Nac5 Rxc5 23. Nxc5 Qxc5 24. Rac1 Qb6 {[#] And now ...Nfe4 would win.} 25. Bd4 (25. Qd4 $142) 25... Qd8 26. Qb4 Bf8 27. Be5 Qd7 28. Qd4 Nfe8 29. Qe3 h5 30. Bd4 Bh3 31. Bxa7 $2 (31. Bxh3 {is a better defense.} Qxh3 32. Be5) 31... Bxg2 32. Kxg2 Nf6 33. Bd4 $2 (33. Bc5) 33... Nf5 34. Qe5 Bg7 35. Bc3 Nxd5 {Black is clearly winning.} 36. Qe4 Ra4 37. Qc2 (37. Qf3 $142 Bxc3 38. bxc3) 37... Nxc3 38. bxc3 Qc6+ {Precision: White = 31%, Black = 52%.} 0-1

[Event "27th Seacost Trophy 2017"]
[Site "Eforie Nord"]
[Date "2017.06.20"]
[Round "2"]
[White "Vasiliu, Cosmin"]
[Black "Manolache, Marius"]
[Result "0-1"]
[WhiteElo "2016"]
[BlackElo "2507"]
[Annotator "TA"]
[PlyCount "70"]
[EventDate "2017.??.??"]
[EventType "swiss"]
[EventCountry "ROU"]
[SourceTitle "playchess.com"]
[Source "ChessBase"]
[SourceQuality "1"]

{[%evp 16,70,70,63,58,61,73,68,71,18,30,9,14,-16,-8,-62,-55,-19,-18,-59,-47,-143,-46,-69,21,0,0,0,14,13,18,27,52,35,84,20,39,2,4,-251,-155,-188,0,-588,-571,-707,-682,-1800,-1403,-1249,-1041,-1033,-987,-827,-816,-802,-793]} 1. e4 g6 2. d4 Bg7 3. Nc3 c6 4. Nf3 d6 5. Be3 Nf6 6. h3 O-O 7. Qd2 b5 8. Bd3 Re8 9. O-O {LiveBook: 3 Games. B08: Pirc Defence: Classical System} e5 10. dxe5 dxe5 11. a4 {White is better.} (11. Rfd1 Qe7 12. Ne2 Nbd7 13. a4 Nc5 14. axb5 Ncxe4 15. Qa5 Bb7 16. bxc6 Bxc6 {½-½ (31) Balabaev,F (2604)-Nyvlt,Z (2635) Czechia 2003}) 11... b4 12. Nd1 $146 ({Better is} 12. Na2 $16) ({Predecessor:} 12. Ne2 a5 13. Nc1 Nbd7 14. Nb3 Bf8 15. Rfd1 Qc7 16. Qe2 Bb7 {1-0 (53) Steel,H (2280)-Bondarets,V (2345) Dresden 2008}) 12... Qe7 13. c3 Na6 14. cxb4 Nxb4 {Hoping for ...Rd8.} 15. Bb1 (15. Rc1 $11 Nxd3 16. Qxd3) 15... Ba6 16. Re1 c5 17. Qc3 Rac8 18. b3 {[#]} (18. Qc1 $15) 18... c4 ({Black should try} 18... Nfd5 $1 $17 {[%cal Rd5c3][%mdl 512]} 19. Qc1 (19. exd5 $2 e4 $19) 19... Nf4 $1 {[%mdl 512]} 20. Bxf4 exf4) 19. Nb2 {[%cal Rb2c4] [#]} Nd3 $1 {[%mdl 512]} 20. Bxd3 cxd3 21. Qa5 $1 $36 {[%cal Ra5a6][%mdl 2048] White has the initiative.} Bb7 22. Nxd3 Nxe4 23. Rac1 Rxc1 24. Rxc1 Nd6 25. Nd2 (25. Bxa7 $2 e4 $19) (25. Rc7 $16 Qd8 26. Ndxe5) 25... Nf5 26. Rc7 (26. Bxa7 Bh6 $17) 26... Qd8 27. Bxa7 $2 {[%mdl 8192]} (27. Qb5 $1 $11 Ba6 28. Qd7 Qxd7 29. Rxd7) 27... Bxg2 28. Kxg2 Nh4+ $2 (28... Qxd3 29. Qb5 $14) (28... e4 $1 $19 {[%cal Re4d3]} 29. Qb5 Nd6) 29. Kh2 $2 {[%mdl 8192] [#]} (29. Kg1 $11 {and White is okay.} Bh6 30. Ne4 Nf3+ 31. Kg2 (31. Kh1 Qxd3 32. Ng3 Qd1+ 33. Qe1 Nxe1 $19) 31... Nh4+ 32. Kg1 (32. Kh1 {is a self mate.} Qxd3 33. Kg1 Qxh3 34. Nf6+ Kh8 35. Qd5 e4 36. Qxe4 Nf3+ 37. Qxf3 Re1#) 32... Qxd3 33. Nf6+ Kh8 34. Qb5 (34. Nxe8 $2 Qd1+ 35. Qe1 Qxe1+ 36. Kh2 Bf4#) 34... Qb1+ 35. Qf1 Nf3+ 36. Kg2 Nh4+ 37. Kg1 Nf3+ 38. Kg2 Nh4+ 39. Kg1) 29... e4 $1 $19 {[%cal Re4d3,Be5e4,Be4e3][%mdl 32] Black is clearly winning.} 30. Rc5 {[#] And now Qxd8 would win.} Qd6+ $1 ({Weaker is} 30... Qxd3 31. Rd5 $15) 31. Kh1 {aiming for Rd5.} Qxd3 32. Kh2 e3 33. Rd5 {[#]} Qxd5 $1 {[%mdl 512]} 34. Qxd5 e2 35. Nf3 Nxf3+ {Precision: White = 13%, Black = 25%.} 0-1

[Event "27th Seacost Trophy 2017"]
[Site "Eforie Nord"]
[Date "2017.06.20"]
[Round "2"]
[White "Ceres, Dragos"]
[Black "Bulmaga, Irina"]
[Result "0-1"]
[WhiteElo "2002"]
[BlackElo "2415"]
[Annotator "TA"]
[PlyCount "119"]
[EventDate "2017.??.??"]
[EventType "swiss"]
[EventCountry "ROU"]
[SourceTitle "playchess.com"]
[Source "ChessBase"]
[SourceQuality "1"]

{[%evp 14,119,48,3,-5,-27,-17,-27,-15,-77,-67,-82,-66,-82,-49,-106,-126,-139,-112,-135,-133,-285,-314,-320,-233,-225,-89,-288,-191,-162,-180,-264,-155,-171,-135,-158,-73,-83,-72,-61,-27,-31,-33,-29,0,-128,-125,-250,-236,-238,-237,-245,-242,-232,-225,-229,-79,-70,-14,-27,-24,-25,-19,-30,-23,-30,-30,-30,-26,-22,-21,-72,-62,-75,-74,-95,-96,-101,-68,-77,-44,-125,-58,-292,-268,-293,-268,-588,-584,-543,-551,-1039,-1039,-736,-723,-29972,-29973,-29973,-29972,-29972,-29973,-29972,-29973,-29987,-29988,-29987,-29988,-29990]} 1. e4 e5 2. Nf3 Nc6 3. Bc4 Bc5 4. c3 Nf6 5. d3 O-O 6. O-O d5 7. exd5 Nxd5 8. b4 Be7 {C54: Giuoco Piano: 4 c3 Nf6, main lines with 5 d4 and 5 d3} (8... Bb6 9. h3 f6 10. Bxd5+ Qxd5 11. c4 Qf7 12. c5 Nxb4 13. cxb6 axb6 14. Ba3 c5 15. Bxb4 cxb4 16. Nbd2 Rxa2 17. Rxa2 Qxa2 {1-0 (49) Li,C (2720)-Ganguly,S (2640) Fufeng 2017}) 9. b5 Na5 10. Nxe5 Nxc4 {Black has an edge.} 11. Nxc4 (11. dxc4 $11 Nb6 12. Bf4) 11... a6 $17 12. bxa6 Rxa6 13. d4 Bf5 $146 {[%mdl 1024] And now ...Bxb1 would win. Black has strong compensation.} ({Predecessor:} 13... Be6 14. Qd3 Qa8 15. a3 {1-0 (41) Kowalczyk,R (2195)-Krainski,S (2033) Poronin 2014}) 14. Bb2 (14. Ne3 $15 Be6 15. Re1) 14... Nf4 15. Ne3 Bd3 $36 {[%mdl 2048] White is under strong pressure.} 16. Re1 Rg6 17. Qf3 $2 (17. Kh1 $17 {was the only defense.}) 17... Bd6 $1 $19 18. Kh1 Qh4 {( -> ...Nxg2)} 19. g3 {[#]} Nh3 (19... Qh6 $1 $19 {and Black stays clearly on top.} 20. Ba3 Nh3 21. Bxd6 Ng5 22. Qxb7 Be4+ 23. Qxe4 Nxe4 24. Bxf8 Kxf8) 20. Ng2 $2 (20. gxh4 $17 Be4 21. Qg2 Bxg2+ 22. Nxg2 Nxf2+ 23. Kg1) 20... Qg5 21. Bc1 {[#]} Qb5 $1 22. g4 (22. a4 $142 Qb3 23. g4) 22... Bxb1 (22... Re8 $19 23. Rxe8+ Qxe8) 23. Qxh3 $17 {[#]} Be4 $1 {[%mdl 512] Threatens to win with ...f5.} 24. Kg1 (24. Rxe4 Qf1#) 24... Qc6 (24... Bc6 $142 {Strongly threatening ...f5.} 25. a4 Qb3) 25. Nh4 Re6 26. Bd2 Bd5 27. Nf5 Rg6 {Hoping for ...Qd7.} 28. Nh4 Re6 29. f4 (29. Nf5 $11) 29... Rfe8 {...g5! is the strong threat.} 30. Kf2 (30. Rxe6 $17 Rxe6 31. Qd3) 30... Qb5 $19 31. Rxe6 Rxe6 32. Re1 Rxe1 (32... Bxa2 33. Rxe6 Bxe6 34. Nf5 $17) 33. Kxe1 Qb1+ 34. Kf2 Qe4 ({Resist} 34... Qxa2 35. Qe3 $17) (34... Qd1 $19 35. Qe3 Qxg4) 35. Qe3 Qxe3+ (35... Qh1 $15 36. Nf3 Kf8) 36. Bxe3 Bxa2 $15 {[%mdl 4096] Endgame KBB-KBN} 37. Nf5 Bf8 38. Bd2 f6 {[%cal Bf7f6,Bf6f5][%mdl 32]} 39. Ne3 b5 40. Kf3 Kf7 41. h4 Ke6 42. g5 (42. Be1 $11 {keeps the balance.}) 42... f5 43. Ke2 Bd6 44. Kf3 Bd5+ 45. Kg3 Be4 46. c4 c6 {[%cal Bc7c6,Bc6b5,Bb5b4,Bb4c3,Bc3c2][%mdl 32] White must now prevent ...Ba3.} 47. Bc3 (47. c5 $15 Bc7 48. Bc3) 47... g6 (47... b4 $17 48. Bb2 Kf7) 48. cxb5 $2 (48. c5 $15 Bc7 49. Bb4) 48... cxb5 $19 49. Bb2 Bb4 50. Nd1 $2 (50. Kf2 {is tougher.}) 50... Be1+ 51. Kh3 b4 52. Ba1 Bf3 53. Ne3 Bc3 54. Bxc3 bxc3 {KB-KN. Black mates.} 55. d5+ Bxd5 56. Nc2 Be4 57. Nd4+ Kd5 58. Nb5 c2 59. Nc3+ Kc4 60. Na2 {Precision: White = 32%, Black = 56%.} 0-1

[Event "27th Seacost Trophy 2017"]
[Site "Eforie Nord"]
[Date "2017.06.20"]
[Round "2"]
[White "Glavan, Pavel"]
[Black "Itkis, Boris"]
[Result "0-1"]
[WhiteElo "1977"]
[BlackElo "2371"]
[Annotator "TA"]
[PlyCount "89"]
[EventDate "2017.??.??"]
[EventType "swiss"]
[EventCountry "ROU"]
[SourceTitle "playchess.com"]
[Source "ChessBase"]
[SourceQuality "1"]

{[%evp 17,89,-10,-20,-33,-24,-33,-16,-54,16,7,21,13,23,20,16,16,17,3,8,-45,-39,-43,-38,-46,-44,-87,-86,-132,-120,-108,-114,-160,-174,-172,-136,-141,-162,-164,-170,-201,-164,-259,-255,-209,-201,-196,-180,-229,-199,-206,-194,-209,-207,-255,-227,-281,-264,-250,-297,-295,-214,-325,-292,-491,-469,-909,-899,-819,-523,-573,-558,-1730,-1633,-1095]} 1. e4 g6 2. d4 Bg7 3. Nc3 d6 4. Nf3 Nf6 5. Bc4 O-O 6. O-O Nc6 7. h3 Nxe4 8. Bxf7+ {B08: Pirc Defence: Classical System} Rxf7 9. Nxe4 d5 {LiveBook: 3 Games} (9... Bf5 10. Neg5 Rf8 11. Qe2 Kh8 12. c3 e5 13. dxe5 Nxe5 14. Nxe5 Bxe5 15. Be3 Bf6 {½-½ (79) Razin,V (2354)-Onischuk,V (2608) Lvov 2017}) 10. Ng3 {The position is equal.} Qd6 11. Be3 Bd7 $146 ({Predecessor:} 11... e5 12. c3 e4 13. Nh2 Be6 14. Qd2 Raf8 15. Rad1 Na5 {1-0 (30) Quintanilla Feijoo,R-Gonzalez Gonzalez,J Valladolid 1986}) 12. Ng5 Rf6 (12... Rff8 $15) 13. f4 (13. c4 $5 e6 14. Rc1 $11) 13... Raf8 14. Qd2 Bh6 15. h4 Nd8 16. c4 c6 17. c5 Qc7 18. Qd3 (18. Rae1 $11) 18... Ne6 $15 {[%cal Re6f4]} 19. Ne2 Ng7 20. Ng3 Bg4 21. Bd2 Ne6 22. f5 {[#]} Bxf5 $1 ({Don't play} 22... gxf5 23. Rae1 $15) 23. Nxf5 Bxg5 $1 {[#]} 24. Nxe7+ $1 {[%mdl 512]} Qxe7 25. hxg5 Rxf1+ 26. Rxf1 Rxf1+ 27. Kxf1 Nxg5 28. Qg3 Qf8+ 29. Kg1 (29. Ke1 $142 Ne4 30. Qf4) 29... Ne4 $19 30. Qe3 Qf6 31. Ba5 Qg5 32. Qh3 Qc1+ 33. Kh2 Qf4+ ({Stronger than} 33... Qxb2 34. Qc8+ Kf7 35. Qd7+ Kf8 36. Qd8+ Kg7 37. Qd7+ Kg8 38. Qd8+ Kf7 39. Qd7+ Kf8 40. Qd8+ Kg7 41. Qe7+ Kg8 42. Qe8+ Kg7 43. Qd7+ Kh6 44. Qh3+ Kg7 45. Qd7+ $11) 34. Kg1 Qf5 35. Qe3 g5 36. Bc7 h5 {[%cal Bh7h5,Bh5h4][%mdl 32]} 37. Bb8 a6 38. Bc7 h4 39. Be5 (39. Qf3 $142 Qxf3 40. gxf3) 39... Kh7 40. Kh2 $2 (40. Qb3 {keeps fighting.} Qf7 41. Qh3) 40... Kg6 {Black is clearly winning.} 41. Qf3 (41. Qe1 $142 Qf2 42. Qd1) 41... g4 {[%cal Bg5g4,Bg4g3][%mdl 32]} 42. Qxf5+ Kxf5 43. Kg1 Nd2 44. b3 g3 45. Bg7 {Precision: White = 27%, Black = 81%.} 0-1

[Event "27th Seacost Trophy 2017"]
[Site "Eforie Nord"]
[Date "2017.06.21"]
[Round "3"]
[White "Istratescu, Andrei"]
[Black "Lashkin, Jegor"]
[Result "1-0"]
[WhiteElo "2593"]
[BlackElo "2225"]
[Annotator "TA"]
[PlyCount "89"]
[EventDate "2017.??.??"]
[EventType "swiss"]
[EventCountry "ROU"]
[SourceTitle "playchess.com"]
[Source "ChessBase"]
[SourceQuality "1"]

{[%evp 23,89,0,26,0,0,0,0,0,0,0,8,12,18,8,15,4,27,44,50,29,71,79,82,69,80,69,98,67,96,92,79,73,111,85,112,112,119,76,207,193,424,420,416,417,413,366,378,327,411,0,372,297,349,266,826,625,1323,439,935,270,789,674,616,888,845,821,759,729]} 1. d4 Nf6 2. c4 g6 3. Nc3 Bg7 4. e4 d6 5. Nf3 O-O 6. h3 e5 7. d5 a5 8. g4 Na6 9. Be3 Nd7 {E90: King's Indian: Classical: Early deviations and 6 h3} 10. a3 Nac5 11. Nd2 Bf6 12. Nf3 Bg7 {LiveBook: 44 Games} 13. g5 f5 14. h4 f4 15. Bxc5 $1 Nxc5 16. Nd2 a4 17. Qf3 Kf7 $146 ({Predecessor:} 17... h5 18. gxh6 Bf6 19. Bh3 {1-0 (51) Istratescu,A (2600)-Bogdanov,E (2400) Sautron 2016}) 18. Bh3 Rh8 19. Bxc8 Qxc8 20. h5 Qd7 21. O-O-O {[%cal Be1c1,Bc1b1,Bb1a2][%mdl 32]} Rhb8 22. Kb1 Ra6 23. Ka2 Rb6 24. Nb5 Qe7 25. Rhg1 {[%cal Bh1g1,Bg1g2,Bg2h2][%mdl 32]} c6 26. Nc3 Ra8 27. Rg2 Qc7 28. Qe2 Ra5 29. Rh1 Qe7 30. Rh3 Qd7 (30... Ke8 $16 {was called for.}) 31. Rgh2 $18 Qd8 $2 {[#]} (31... Ra8 {was necessary.} 32. hxg6+ hxg6) 32. Qg4 Qd7 33. Qd1 Qd8 34. hxg6+ hxg6 35. Nf3 Rb3 36. Nd2 Rb6 37. Qg4 Qd7 38. Qg1 ({Weaker is} 38. Qxd7+ Nxd7 39. c5 Nxc5 $16) 38... Nb3 $2 (38... Qe7 39. f3 Rba6) 39. Nxb3 Rxb3 40. Qd1 (40. Rh7 $142 {Black must now prevent Qh1.} Ra8 {[#]} 41. Rxg7+ $1 {[%mdl 512]} Kxg7 42. Qh1) 40... Rc5 (40... Rxc3 $142 41. Rxc3 c5) 41. dxc6 $2 (41. Rh7 {Qh1 is the strong threat.} Rxc3 42. Qh1 Rxa3+ 43. Kxa3) 41... bxc6 $2 (41... Qe6) 42. Nxa4 {White is clearly winning.} Rxh3 43. Nxc5 Qc8 44. Rxh3 Qxh3 45. Qxd6 {Precision: White = 54%, Black = 35%.} 1-0